000 01490cam a22004694i 4500
003 PE-LiUPU
005 20250731172940.0
008 150623s r 000 0 d
020 _a0385037597
035 _a(Sirsi) i9780385037594
040 _aPE-LiUPU
_bspa
_cPE-LiUPU
_erda
049 _aPRUA
082 0 4 _a220.7
_bAB1968
_221
100 1 _aDahood, Mitchell,
_eautor.
245 1 0 _aPsalms II :
_b51-100.
_n17 /
_cMitchell Dahood.
264 1 _aNew York :
_bDoubleday,
_c1968.
300 _a399 páginas ;
_c24 centímetros
336 _atext
_2rdacontent
337 _aunmediated
_2rdamedia
338 _avolume
_2rdacarrier
490 0 _aThe Anchor Bible ;
_v17
504 _aIncluye bibliografía.
505 0 _aTraducción y notas de Salmos 51-100.
526 _aSEG42
526 _aSEG41
526 _aSEG40
526 _aSEG39
526 _aP94
526 _aP87
526 _aP86
526 _aP85
526 _aP77
526 _aP76
526 _aP35
630 _aBiblia.
_pA.T.
_pSalmos
_xComentarios.
942 _2ddc
_cBOOK
949 _a220.7 AB 17 1968
_wDEWEY
_c1
_i44549
_lCCODEBUL1
_mBUL
_r0
_sY
_tBOOK
_u2015-6-24
_xTEOLOGIA
_PP35
_0COMPRA
_o.STAFF. Colección General
994 _aC0
_bPEPRU
596 _a1
999 _a220.7 AB 17 1968
_wDEWEY
_c21433
_i44549
_d21433
_e2019-9-24
_f2021-11-9
_g5
_lCCODEBUL1
_mBUL
_n1
_q4
_r0
_sY
_tBOOK
_u2015-6-24
_xTEOLOGIA
_PP35
_0COMPRA
_o.STAFF. Colección General
980 _81
_gALBERTO SANCHEZ Responsable de Automatización